Quick Pick: Stanley Kubrick Movies Quiz Stats

 Plays Quiz Updated Oct 15, 2017

Score 0/9 Timer 00:30
0 Plays Today
% Correct
Space
97.4%
Eyes
97.3%
Metal
96.9%
Orange
96.8%
Lyndon
91.9%
Glory
91.7%
Fear
87.3%
Bomb
86.7%
Kiss
82.7%

Today's Daily Dose

You're not logged in!

Compare scores with friends on all Sporcle quizzes.
OR
Log In

You Might Also Like...

Show Comments

Extras

Top Quizzes Today


Score Distribution

Your Account Isn't Verified!

In order to create a playlist on Sporcle, you need to verify the email address you used during registration. Go to your Sporcle Settings to finish the process.

Report this User

Report this user for behavior that violates our Community Guidelines.

Details: